• 首页
  • 本馆介绍
  • 公告通知
  • 最新文献
  • 馆藏检索
  • 电子资源
  • 读者导购
  • 参考咨询
  • 我的图书馆
  • 登录
  • 详细信息显示
  • 放入我的书架
  • 预约/预借图书
  • 作者相关作品
  • 分类相关作品
  • 丛书相关作品
  • 出版社相关作品

书目信息

  • 表格格式
  • 工作单格式
  • 卡片格式
题名:
中外历史问题八人谈
    
 
作者: 齐世荣 撰稿 ;国家教委高校社会科学发展研究中心 组织编写
分册:  
出版信息: 北京   中共中央党校出版社  1998
页数: 444页
开本: 21cm
丛书名:
单 册:
中图分类: K107
科图分类:
主题词: 史评--世界--文集 , 史评
电子资源:
ISBN: 7-5035-1720-4
000 00872nam0 2200265 45
001 060000016294
005 20051122144143.54
010    @a7-5035-1720-4@dCNY23.00
092    @aCN
100    @a20041218e20011998ekmy0chiy0120 ea
101 0  @achi
102    @aCN@b110000
105    @ay z 000yy
200 1  @a中外历史问题八人谈@9zhong wai li shi wen ti ba ren tan@f齐世荣等撰稿@Fqi shi rong deng zhuan gao@g国家教委高校社会科学发展研究中心组织编写
210    @a北京@c中共中央党校出版社@d1998@h2001重印
215    @a444页@d21cm
320    @a有书目
606 0  @a史评@y世界@j文集
606 0  @a史评
690    @aK107@v4
701  0 @a齐世荣@Aqi shi rong@4撰稿
712  0 @a国家教委高校社会科学发展研究中心@Aguo jia jiao wei gao xiao she hui ke xue fa zhan yan jiu zhong xin@4组织编写
801  0 @aCN@bTSSF@c20051122
905    @a10447@dK107@e118
999    @aAFJ@eDF
    
    中外历史问题八人谈/齐世荣等撰稿/国家教委高校社会科学发展研究中心组织编写.-北京:中共中央党校出版社,1998(2001重印)
    444页;21cm
    
    
    ISBN 7-5035-1720-4:CNY23.00
    
●
相关链接 在E读中查询图书 在五车中查询图书 在当当中查询图书 在豆瓣中查询图书


正题名:中外历史问题八人谈     索取号:K107/118         预约/预借

序号 登录号 条形码 馆藏地/架位号 状态 备注
1 0368883   203688839   第二样本阅览室/ [索取号:K107/118] 在馆    
2 0368884   203688848   第二借阅区/ [索取号:K107/118] 在馆    
3 0368885   203688857   第二借阅区/ [索取号:K107/118] 在馆    
4 0368886   203688866   第二借阅区/ [索取号:K107/118] 在馆    
5 0368887   203688875   第二借阅区/ [索取号:K107/118] 在馆    
6 0368888   203688884   第二借阅区/ [索取号:K107/118] 在馆    
7 0368889   203688893   第二借阅区/ [索取号:K107/118] 在馆    
8 0368890   203688900   第二借阅区/ [索取号:K107/118] 在馆    
唐山师范学院图书馆 欢迎您!
大连网信软件有限公司© 版权所有